000 00812nam a2200217 i 4500
001 170724
003 ES-MaACL
005 20250808062738.0
008 090401s1950 sp |||| | lat d
100 0 _aHellín, José.
_962450
245 1 0 _aTheologia Naturalis
_b: Tractatus metaphysicus in utilitatem alumnorum et professorum in Seminariis et Facultatibus ecclesiasticis /
_cauctore Iosepho Hellin.
260 _aMatriti :
_bLa Editorial Católica,
_c1950.
300 _aXXVII, 928 :
_b ;
_c20 cm.
490 1 _aBiblioteca de autores cristianos ;
_v60
490 1 _aCursus Philosophicus ;
_v5
546 _aTexto en latín.
830 0 0 _aBiblioteca de autores cristianos
_v60
_9178679
830 0 _aCursus Philosophicus ;
_v5
_9223072
852 _aES-MaACL
_jJ-58
_9R.46092
999 _c170724
_d170724